<?xml version="1.0" encoding="UTF-8"?>
<record
    xmlns:xsi="http://www.w3.org/2001/XMLSchema-instance"
    xsi:schemaLocation="http://www.loc.gov/MARC21/slim http://www.loc.gov/standards/marcxml/schema/MARC21slim.xsd"
    xmlns="http://www.loc.gov/MARC21/slim">

  <leader>00616nam a22001577a 4500</leader>
  <controlfield tag="003">OSt</controlfield>
  <controlfield tag="005">20151207110527.0</controlfield>
  <controlfield tag="008">151207b        xxu||||| |||| 00| 0 eng d</controlfield>
  <datafield tag="040" ind1=" " ind2=" ">
    <subfield code="c">RUA</subfield>
  </datafield>
  <datafield tag="082" ind1=" " ind2=" ">
    <subfield code="a">FIS CHA 2005 B177 Or.1</subfield>
  </datafield>
  <datafield tag="100" ind1=" " ind2=" ">
    <subfield code="9">4445</subfield>
    <subfield code="a">CHAY KONG MENG; &#x1785;&#x17B6;&#x1799; &#x1782;&#x1784;&#x17CB;&#x1798;&#x17C9;&#x17C1;&#x1784;</subfield>
  </datafield>
  <datafield tag="245" ind1=" " ind2=" ">
    <subfield code="a">Rice fish culture in santouk district, kampong thom province.&#x1780;&#x17B6;&#x179A;&#x1785;&#x17B7;&#x1789;&#x17D2;&#x1785;&#x17B9;&#x1798;&#x178F;&#x17D2;&#x179A;&#x17B8;&#x1780;&#x17D2;&#x1793;&#x17BB;&#x1784;&#x179F;&#x17D2;&#x179A;&#x17C2; &#x1780;&#x17D2;&#x1793;&#x17BB;&#x1784;&#x179F;&#x17D2;&#x179A;&#x17BB;&#x1780;&#x179F;&#x1793;&#x17D2;&#x1791;&#x17BB;&#x1780; &#x1781;&#x17C1;&#x178F;&#x17D2;&#x178F;&#x1780;&#x17C6;&#x1796;&#x1784;&#x17CB;&#x1792;&#x17C6;.</subfield>
  </datafield>
  <datafield tag="260" ind1=" " ind2=" ">
    <subfield code="a">Phnom Penh </subfield>
    <subfield code="b">RUA </subfield>
    <subfield code="c">2005</subfield>
  </datafield>
  <datafield tag="300" ind1=" " ind2=" ">
    <subfield code="a">x; 39p.</subfield>
    <subfield code="b">ill.</subfield>
    <subfield code="c">29cm.</subfield>
  </datafield>
  <datafield tag="942" ind1=" " ind2=" ">
    <subfield code="2">ddc</subfield>
    <subfield code="c">FIS</subfield>
  </datafield>
  <datafield tag="999" ind1=" " ind2=" ">
    <subfield code="c">4145</subfield>
    <subfield code="d">4145</subfield>
  </datafield>
  <datafield tag="952" ind1=" " ind2=" ">
    <subfield code="0">0</subfield>
    <subfield code="1">0</subfield>
    <subfield code="2">ddc</subfield>
    <subfield code="4">0</subfield>
    <subfield code="6">FIS_CHA_2005_000000000000000_B177_OR_1</subfield>
    <subfield code="7">0</subfield>
    <subfield code="9">20828</subfield>
    <subfield code="a">LBB</subfield>
    <subfield code="b">LBB</subfield>
    <subfield code="c">B177</subfield>
    <subfield code="d">2015-12-07</subfield>
    <subfield code="l">3</subfield>
    <subfield code="o">FIS CHA 2005 B177 Or.1</subfield>
    <subfield code="p">RUA035794</subfield>
    <subfield code="r">2022-09-16</subfield>
    <subfield code="s">2022-09-06</subfield>
    <subfield code="w">2015-12-07</subfield>
    <subfield code="y">FIS</subfield>
  </datafield>
  <datafield tag="952" ind1=" " ind2=" ">
    <subfield code="0">0</subfield>
    <subfield code="1">0</subfield>
    <subfield code="2">ddc</subfield>
    <subfield code="4">0</subfield>
    <subfield code="6">FIS_CHA_2005_000000000000000_B177_OR_2</subfield>
    <subfield code="7">0</subfield>
    <subfield code="9">20829</subfield>
    <subfield code="a">LBB</subfield>
    <subfield code="b">LBB</subfield>
    <subfield code="c">B177</subfield>
    <subfield code="d">2015-12-07</subfield>
    <subfield code="o">FIS CHA 2005 B177 Or.2</subfield>
    <subfield code="p">RUA035758</subfield>
    <subfield code="r">2015-12-07</subfield>
    <subfield code="w">2015-12-07</subfield>
    <subfield code="y">FIS</subfield>
  </datafield>
  <datafield tag="952" ind1=" " ind2=" ">
    <subfield code="0">0</subfield>
    <subfield code="1">0</subfield>
    <subfield code="2">ddc</subfield>
    <subfield code="4">0</subfield>
    <subfield code="6">FIS_CHA_2005_000000000000000_B177_OR_3</subfield>
    <subfield code="7">0</subfield>
    <subfield code="9">20830</subfield>
    <subfield code="a">LBB</subfield>
    <subfield code="b">LBB</subfield>
    <subfield code="c">B177</subfield>
    <subfield code="d">2015-12-07</subfield>
    <subfield code="o">FIS CHA 2005 B177 Or.3</subfield>
    <subfield code="p">RUA035881</subfield>
    <subfield code="r">2015-12-07</subfield>
    <subfield code="w">2015-12-07</subfield>
    <subfield code="y">FIS</subfield>
  </datafield>
  <datafield tag="952" ind1=" " ind2=" ">
    <subfield code="0">0</subfield>
    <subfield code="1">0</subfield>
    <subfield code="2">ddc</subfield>
    <subfield code="4">0</subfield>
    <subfield code="6">FIS_CHA_2005_000000000000000_B177_OR_4</subfield>
    <subfield code="7">0</subfield>
    <subfield code="9">20831</subfield>
    <subfield code="a">LBB</subfield>
    <subfield code="b">LBB</subfield>
    <subfield code="c">B177</subfield>
    <subfield code="d">2015-12-07</subfield>
    <subfield code="l">1</subfield>
    <subfield code="o">FIS CHA 2005 B177 Or.4</subfield>
    <subfield code="p">RUA035938</subfield>
    <subfield code="r">2022-08-10</subfield>
    <subfield code="s">2022-08-02</subfield>
    <subfield code="w">2015-12-07</subfield>
    <subfield code="y">FIS</subfield>
  </datafield>
  <datafield tag="952" ind1=" " ind2=" ">
    <subfield code="0">0</subfield>
    <subfield code="1">0</subfield>
    <subfield code="2">ddc</subfield>
    <subfield code="4">0</subfield>
    <subfield code="6">FIS_CHA_2005_000000000000000_B177_OR_5</subfield>
    <subfield code="7">0</subfield>
    <subfield code="9">20832</subfield>
    <subfield code="a">LBB</subfield>
    <subfield code="b">LBB</subfield>
    <subfield code="c">B177</subfield>
    <subfield code="d">2015-12-07</subfield>
    <subfield code="l">1</subfield>
    <subfield code="o">FIS CHA 2005 B177 Or.5</subfield>
    <subfield code="p">RUA035942</subfield>
    <subfield code="r">2019-10-22</subfield>
    <subfield code="s">2019-10-18</subfield>
    <subfield code="w">2015-12-07</subfield>
    <subfield code="y">FIS</subfield>
  </datafield>
  <datafield tag="952" ind1=" " ind2=" ">
    <subfield code="0">0</subfield>
    <subfield code="1">0</subfield>
    <subfield code="2">ddc</subfield>
    <subfield code="4">0</subfield>
    <subfield code="6">FIS_CHA_2005_000000000000000_B177_OR_6</subfield>
    <subfield code="7">0</subfield>
    <subfield code="9">20833</subfield>
    <subfield code="a">LBB</subfield>
    <subfield code="b">LBB</subfield>
    <subfield code="c">B177</subfield>
    <subfield code="d">2015-12-07</subfield>
    <subfield code="o">FIS CHA 2005 B177 Or.6</subfield>
    <subfield code="p">RUA035943</subfield>
    <subfield code="r">2015-12-07</subfield>
    <subfield code="w">2015-12-07</subfield>
    <subfield code="y">FIS</subfield>
  </datafield>
  <datafield tag="952" ind1=" " ind2=" ">
    <subfield code="0">0</subfield>
    <subfield code="1">0</subfield>
    <subfield code="2">ddc</subfield>
    <subfield code="4">0</subfield>
    <subfield code="6">FIS_CHA_2005_000000000000000_B177_OR_7</subfield>
    <subfield code="7">0</subfield>
    <subfield code="9">20834</subfield>
    <subfield code="a">LBB</subfield>
    <subfield code="b">LBB</subfield>
    <subfield code="c">B177</subfield>
    <subfield code="d">2015-12-07</subfield>
    <subfield code="o">FIS CHA 2005 B177 Or.7</subfield>
    <subfield code="p">RUA035884</subfield>
    <subfield code="r">2015-12-07</subfield>
    <subfield code="w">2015-12-07</subfield>
    <subfield code="y">FIS</subfield>
  </datafield>
  <datafield tag="952" ind1=" " ind2=" ">
    <subfield code="0">0</subfield>
    <subfield code="1">0</subfield>
    <subfield code="2">ddc</subfield>
    <subfield code="4">0</subfield>
    <subfield code="6">FIS_CHA_2005_000000000000000_B177_OR_8</subfield>
    <subfield code="7">0</subfield>
    <subfield code="9">20835</subfield>
    <subfield code="a">LBB</subfield>
    <subfield code="b">LBB</subfield>
    <subfield code="c">B177</subfield>
    <subfield code="d">2015-12-07</subfield>
    <subfield code="l">2</subfield>
    <subfield code="m">2</subfield>
    <subfield code="o">FIS CHA 2005 B177 Or.8</subfield>
    <subfield code="p">RUA035878</subfield>
    <subfield code="r">2023-12-26</subfield>
    <subfield code="s">2023-12-19</subfield>
    <subfield code="w">2015-12-07</subfield>
    <subfield code="y">FIS</subfield>
  </datafield>
  <datafield tag="952" ind1=" " ind2=" ">
    <subfield code="0">0</subfield>
    <subfield code="1">0</subfield>
    <subfield code="2">ddc</subfield>
    <subfield code="4">0</subfield>
    <subfield code="6">FIS_CHA_2005_000000000000000_B177_OR_9</subfield>
    <subfield code="7">0</subfield>
    <subfield code="9">20836</subfield>
    <subfield code="a">LBB</subfield>
    <subfield code="b">LBB</subfield>
    <subfield code="c">B177</subfield>
    <subfield code="d">2015-12-07</subfield>
    <subfield code="l">4</subfield>
    <subfield code="m">2</subfield>
    <subfield code="o">FIS CHA 2005 B177 Or.9</subfield>
    <subfield code="p">RUA035999</subfield>
    <subfield code="r">2023-06-07</subfield>
    <subfield code="s">2023-05-10</subfield>
    <subfield code="w">2015-12-07</subfield>
    <subfield code="y">FIS</subfield>
  </datafield>
  <datafield tag="952" ind1=" " ind2=" ">
    <subfield code="0">0</subfield>
    <subfield code="1">0</subfield>
    <subfield code="2">ddc</subfield>
    <subfield code="4">0</subfield>
    <subfield code="6">FIS_CHA_2005_000000000000000_B177_OR_10</subfield>
    <subfield code="7">0</subfield>
    <subfield code="9">20837</subfield>
    <subfield code="a">LBB</subfield>
    <subfield code="b">LBB</subfield>
    <subfield code="c">B177</subfield>
    <subfield code="d">2015-12-07</subfield>
    <subfield code="l">1</subfield>
    <subfield code="o">FIS CHA 2005 B177 Or.10</subfield>
    <subfield code="p">RUA035939</subfield>
    <subfield code="r">2016-03-15</subfield>
    <subfield code="s">2016-02-29</subfield>
    <subfield code="w">2015-12-07</subfield>
    <subfield code="y">FIS</subfield>
  </datafield>
</record>
